Villes de l'Oise en images - Statistiques

Statistiques générales
  • Ce quiz a été pris 114 fois
  • Le résultat moyen est 8 sur 18
Statistiques - réponses
Par images Hint Réponse % Correct
B Beauvais
97%
C Chantilly
85%
C Compiègne
83%
N Noyon
70%
S Senlis
70%
P Plailly
57%
P Pierrefonds
55%
C Clermont
45%
N Nogent-sur-Oise
45%
C Crépy-en-Valois
33%
M Méru
28%
C Chambly
23%
G Grandvilliers
20%
S Saint-Just-en-Chaussée
17%
C Chiry-Ourscamp
14%
T Thourotte
14%
B Breteuil
11%
C Crèvecoeur-le-Grand
11%
Aucun quiz correspondant
Distribution des résultats
% des personnes avec chaque résultat
Percentile par nombre de réponses
Votre historique - résultats
Vous n’avez pas pris ce quiz